[Event "Oberliga Ost-B 1617"]
[Site "Germany"]
[Date "2017.04.23"]
[Round "9.7"]
[White "Klings, Peter"]
[Black "Schmidt, Arndt"]
[Result "1/2-1/2"]
[WhiteElo "2147"]
[BlackElo "2139"]
[PlyCount "107"]
[EventDate "2016.10.16"]
[EventType "team-tourn"]
[EventRounds "11"]
[EventCountry "GER"]
[SourceTitle "EXT 2018"]
[Source "ChessBase"]
[SourceDate "2017.10.13"]
[SourceVersion "1"]
[SourceVersionDate "2017.10.13"]
[SourceQuality "1"]
[WhiteTeam "Moerlenbach Birkenau"]
[BlackTeam "Marburg"]
[WhiteTeamCountry "GER"]
[BlackTeamCountry "GER"]

1. Nf3 d5 2. c4 c6 3. e3 e6 4. Nc3 f5 5. d4 Nf6 6. Be2 Bd6 7. Ne5 0-0 8. f4 Bb4 9. Qb3 Ba5 10. Bd2 Nbd7 11. 0-0 Nxe5 12. fxe5 Bxc3 13. Bxc3 Ne4 14. Bb4 Rf7 15. Bd3 a5 16. Bxe4 dxe4 17. Bc5 b5 18. Rf2 bxc4 19. Qa4 Qd5 20. Rc1 h6 21. Bd6 Ba6 22. Qd1 Qb5 23. Qh5 Qb7 24. Qg6 Qd7 25. Rf4 Ra7 26. Rc2 Rb7 27. h4 a4 28. Rcf2 c3 29. bxc3 Bc4 30. Bb4 Qe8 31. h5 Qd8 32. Kh2 Qg5 33. g3 Qd8 34. Kh3 Qg5 35. Rg2 Rbd7 36. g4 Qxg6 37. hxg6 fxg4+ 38. Kxg4 Rxf4+ 39. Kxf4 Rd8 40. Rf2 Bd5 41. a3 Rb8 42. Kg3 Rc8 43. Rc2 Bc4 44. Rf2 Bb3 45. Rf7 Bd1 46. Kh4 Bb3 47. Bd6 Bd1 48. Ra7 Kh8 49. Ra5 Kg8 50. Rc5 Bc2 51. c4 Bb3 52. Kg3 Kh8 53. Kh3 Kg8 54. Kg3 1/2-1/2

[Event "Oberliga Ost-B 1617"]
[Site "Germany"]
[Date "2016.11.20"]
[Round "3.7"]
[White "Jakob, Matthias"]
[Black "Schmidt, Arndt"]
[Result "1-0"]
[WhiteElo "2068"]
[BlackElo "2139"]
[PlyCount "89"]
[EventDate "2016.10.16"]
[EventType "team-tourn"]
[EventRounds "11"]
[EventCountry "GER"]
[SourceTitle "EXT 2018"]
[Source "ChessBase"]
[SourceDate "2017.10.13"]
[SourceVersion "1"]
[SourceVersionDate "2017.10.13"]
[SourceQuality "1"]
[WhiteTeam "Erfurt Medizin"]
[BlackTeam "Marburg"]
[WhiteTeamCountry "GER"]
[BlackTeamCountry "GER"]

1. d4 Nf6 2. Nf3 e6 3. e3 d5 4. Bd3 Bd6 5. Nbd2 0-0 6. 0-0 Nbd7 7. c4 c5 8. b3 b6 9. Bb2 Bb7 10. Ne5 cxd4 11. exd4 Rc8 12. Qe2 Re8 13. Rac1 Qe7 14. Rc2 Ba3 15. Ba1 Red8 16. f4 g6 17. Ndf3 Bd6 18. Ng5 Rf8 19. Qe3 Bxe5 20. fxe5 Ng4 21. Qf4 f5 22. h3 h6 23. Nf3 g5 24. Qd2 Kg7 25. hxg4 fxg4 26. Ne1 Rxf1+ 27. Bxf1 h5 28. Bc3 a5 29. Qe3 Kh6 30. g3 Rf8 31. Bg2 Rf7 32. Bd2 Rf5 33. cxd5 Bxd5 34. Bxd5 exd5 35. Rc6+ Kg7 36. Rc7 Qe6 37. Qd3 Rf7 38. Qe3 Rf5 39. Qd3 Rf7 40. Qc2 Nf8 41. Bxg5 Rxc7 42. Qxc7+ Nd7 43. Bf6+ Kf7 44. Qd8 b5 45. Ng2 1-0

[Event "Oberliga Ost-B 1617"]
[Site "Germany"]
[Date "2016.10.16"]
[Round "1.5"]
[White "Schmidt, Arndt"]
[Black "Koller, Jens"]
[Result "1-0"]
[WhiteElo "2139"]
[BlackElo "2203"]
[PlyCount "53"]
[EventDate "2016.10.16"]
[EventType "team-tourn"]
[EventRounds "11"]
[EventCountry "GER"]
[SourceTitle "EXT 2018"]
[Source "ChessBase"]
[SourceDate "2017.10.13"]
[SourceVersion "1"]
[SourceVersionDate "2017.10.13"]
[SourceQuality "1"]
[WhiteTeam "Marburg"]
[BlackTeam "Oberursel"]
[WhiteTeamCountry "GER"]
[BlackTeamCountry "GER"]

1. Nf3 Nf6 2. g3 g6 3. Bg2 Bg7 4. c4 0-0 5. 0-0 d6 6. d4 Nc6 7. Nc3 a6 8. b3 Rb8 9. a4 e5 10. d5 Nb4 11. e4 Nd7 12. Na2 Nxa2 13. Rxa2 Nc5 14. Nd2 a5 15. Ba3 f5 16. Bxc5 dxc5 17. Qe2 f4 18. Nb1 Qg5 19. Nc3 h5 20. Kh1 h4 21. gxh4 Qxh4 22. Bf3 g5 23. Rg1 Rf6 24. Bg4 f3 25. Bxf3 g4 26. Bxg4 Rxf2 27. Qxf2 1-0

[Event "Oberliga Ost-B 1415"]
[Site "Germany"]
[Date "2015.02.22"]
[Round "8.5"]
[White "Schmidt, Arndt"]
[Black "Stiefel, Roland"]
[Result "1-0"]
[WhiteElo "2128"]
[BlackElo "2049"]
[PlyCount "73"]
[EventDate "2014.09.21"]
[EventType "team-tourn"]
[EventRounds "11"]
[EventCountry "GER"]
[SourceTitle "EXT 2016"]
[Source "ChessBase"]
[SourceDate "2015.10.08"]
[SourceVersion "1"]
[SourceVersionDate "2015.10.08"]
[SourceQuality "1"]
[WhiteTeam "Marburg"]
[BlackTeam "Weimar Vimaria"]
[WhiteTeamCountry "GER"]
[BlackTeamCountry "GER"]

1. Nf3 c5 2. c4 b6 3. Nc3 Bb7 4. e3 Nf6 5. b3 e6 6. Bb2 Be7 7. Be2 0-0 8. 0-0 d5 9. cxd5 exd5 10. d4 Nbd7 11. Rc1 Ne4 12. dxc5 Ndxc5 13. Nb5 Bf6 14. Bxf6 Qxf6 15. Qd4 Qe7 16. Qb2 f5 17. Nbd4 f4 18. exf4 Rxf4 19. Rfe1 Raf8 20. Bf1 Qf6 21. Rc2 g5 22. h3 g4 23. hxg4 Rxg4 24. Nh2 Rf4 25. Ndf3 Qg6 26. Re3 Ng5 27. Nxg5 d4 28. Rg3 d3 29. Ngf3 dxc2 30. Rxg6+ hxg6 31. Qxc2 Be4 32. Qc3 g5 33. Nxg5 Bd5 34. Nh3 R4f5 35. Bc4 Rd8 36. Ng4 Kf8 37. Bxd5 1-0

[Event "Oberliga Ost-B 1415"]
[Site "Germany"]
[Date "2014.12.07"]
[Round "5.6"]
[White "Schmidt, Arndt"]
[Black "Broemel, Richard"]
[Result "1/2-1/2"]
[WhiteElo "2128"]
[BlackElo "2155"]
[PlyCount "32"]
[EventDate "2014.09.21"]
[EventType "team-tourn"]
[EventRounds "11"]
[EventCountry "GER"]
[SourceTitle "EXT 2016"]
[Source "ChessBase"]
[SourceDate "2015.10.08"]
[SourceVersion "1"]
[SourceVersionDate "2015.10.08"]
[SourceQuality "1"]
[WhiteTeam "Marburg"]
[BlackTeam "Jena Schott"]
[WhiteTeamCountry "GER"]
[BlackTeamCountry "GER"]

1. Nf3 d5 2. d4 Nf6 3. c4 e6 4. Nc3 Be7 5. Bg5 0-0 6. e3 b6 7. cxd5 Nxd5 8. Bxe7 Qxe7 9. Nxd5 exd5 10. Be2 Be6 11. 0-0 Nd7 12. Qa4 c5 13. Qa3 Rfc8 14. Ba6 Rc7 15. dxc5 bxc5 16. Nd4 Nb8 1/2-1/2

[Event "Oberliga Ost-B 1415"]
[Site "Germany"]
[Date "2014.10.18"]
[Round "2.5"]
[White "Klundt, Klaus"]
[Black "Schmidt, Arndt"]
[Result "1-0"]
[WhiteElo "2313"]
[BlackElo "2128"]
[PlyCount "65"]
[EventDate "2014.09.21"]
[EventType "team-tourn"]
[EventRounds "11"]
[EventCountry "GER"]
[SourceTitle "EXT 2016"]
[Source "ChessBase"]
[SourceDate "2015.10.08"]
[SourceVersion "1"]
[SourceVersionDate "2015.10.08"]
[SourceQuality "1"]
[WhiteTeam "Heusenstamm"]
[BlackTeam "Marburg"]
[WhiteTeamCountry "GER"]
[BlackTeamCountry "GER"]

1. e4 c5 2. Nf3 Nc6 3. Nc3 e6 4. d4 cxd4 5. Nxd4 Qc7 6. g3 a6 7. Bg2 Nf6 8. 0-0 Nxd4 9. Qxd4 Bc5 10. Bf4 d6 11. Qd2 Bd7 12. Rad1 e5 13. Bg5 Bc6 14. Bxf6 gxf6 15. Qh6 Ke7 16. Bh3 Rag8 17. Bf5 Qb8 18. Nd5+ Bxd5 19. Rxd5 Rg5 20. Rfd1 Qf8 21. Qh3 Qb8 22. c3 a5 23. Qf1 h5 24. Qb5 b6 25. Rxd6 Bxd6 26. Qd7+ Kf8 27. Rxd6 Kg7 28. Be6 Qe8 29. Qc7 Rf8 30. h4 Rg6 31. Bf5 Rh6 32. Rd7 Qb8 33. Rxf7+ 1-0

[Event "Hessenliga 1112"]
[Site "Germany"]
[Date "2012.03.04"]
[Round "7.5"]
[White "Schmidt, Arndt"]
[Black "Merkle, Egon"]
[Result "1/2-1/2"]
[WhiteElo "2132"]
[BlackElo "2160"]
[PlyCount "114"]
[EventDate "2011.09.25"]
[EventType "team-tourn"]
[EventRounds "9"]
[EventCountry "GER"]
[SourceTitle "EXT 2013"]
[Source "ChessBase"]
[SourceDate "2012.11.22"]
[SourceVersion "1"]
[SourceVersionDate "2012.11.22"]
[SourceQuality "1"]
[WhiteTeam "Marburg"]
[BlackTeam "Bad Homburg"]
[WhiteTeamCountry "GER"]
[BlackTeamCountry "GER"]

1. Nf3 c5 2. c4 Nc6 3. d4 cxd4 4. Nxd4 g6 5. e4 Bg7 6. Be3 Nf6 7. Nc3 0-0 8. Be2 d6 9. Nc2 Nd7 10. Qd2 Nc5 11. f3 f5 12. exf5 Bxf5 13. 0-0 Qa5 14. Nd4 Nxd4 15. Bxd4 Bxd4+ 16. Qxd4 Ne6 17. Qd2 Qc5+ 18. Kh1 Qd4 19. Rad1 Qxd2 20. Rxd2 g5 21. Nd5 Rf7 22. Re1 Kf8 23. Bd3 Bxd3 24. Rxd3 Nf4 25. Rd4 Rc8 26. b3 Nxd5 27. Rxd5 h6 28. Re6 Rh7 29. Rf5+ Kg8 30. h4 gxh4 31. Rg6+ Kh8 32. Rh5 Rc5 33. Rhxh6 Re5 34. Rxh7+ Kxh7 35. Rg4 Re2 36. Rxh4+ Kg8 37. Re4 Rxa2 38. Rxe7 b6 39. Rd7 Ra3 40. Rxd6 Kf8 41. Rc6 Rxb3 42. Rc8+ Ke7 43. Rc7+ Kd6 44. Rxa7 Rb4 45. g4 Rxc4 46. Rf7 b5 47. g5 b4 48. g6 Rh4+ 49. Kg2 Rh6 50. g7 Rg6+ 51. Kf2 Ke6 52. Rb7 Kf6 53. Rxb4 Rxg7 54. Ke3 Re7+ 55. Kf4 Re6 56. Rb5 Ra6 57. Rh5 Ra4+ 1/2-1/2

[Event "Hessenliga 1112"]
[Site "Germany"]
[Date "2012.01.29"]
[Round "5.5"]
[White "Schmidt, Arndt"]
[Black "Kierzek, Matthias"]
[Result "1/2-1/2"]
[WhiteElo "2132"]
[BlackElo "2149"]
[PlyCount "46"]
[EventDate "2011.09.25"]
[EventType "team-tourn"]
[EventRounds "9"]
[EventCountry "GER"]
[SourceTitle "EXT 2013"]
[Source "ChessBase"]
[SourceDate "2012.11.22"]
[SourceVersion "1"]
[SourceVersionDate "2012.11.22"]
[SourceQuality "1"]
[WhiteTeam "Marburg"]
[BlackTeam "Fulda"]
[WhiteTeamCountry "GER"]
[BlackTeamCountry "GER"]

1. Nf3 d5 2. d4 c5 3. e3 cxd4 4. exd4 Bg4 5. Bd3 Nc6 6. c3 e6 7. 0-0 Nf6 8. Re1 Bd6 9. Bg5 Qc7 10. h3 Bh5 11. Nbd2 Bg6 12. Qe2 Bf4 13. Bxg6 hxg6 14. Bxf4 Qxf4 15. Qb5 Qc7 16. Ne5 a6 17. Qc5 Rc8 18. Nxc6 Qxc6 19. Qb4 Qc7 20. Re3 Qe7 21. Qa4+ Qd7 22. Qb4 Qe7 23. Qa4+ Qd7 1/2-1/2

[Event "Hessenliga 0910"]
[Site "Germany"]
[Date "2010.03.14"]
[Round "8.4"]
[White "Schmidt, Arndt"]
[Black "Wind, Lutz"]
[Result "0-1"]
[WhiteElo "2135"]
[BlackElo "2159"]
[PlyCount "54"]
[EventDate "2009.09.20"]
[EventType "team-tourn"]
[EventRounds "9"]
[EventCountry "GER"]
[SourceTitle "EXT 2011"]
[Source "ChessBase"]
[SourceDate "2010.11.26"]
[SourceVersion "1"]
[SourceVersionDate "2010.11.26"]
[SourceQuality "1"]
[WhiteTeam "Marburg"]
[BlackTeam "Lorsch"]
[WhiteTeamCountry "GER"]
[BlackTeamCountry "GER"]

1. g3 g6 2. Bg2 Bg7 3. d4 d6 4. Nf3 Nf6 5. 0-0 0-0 6. c4 Nbd7 7. Nc3 e5 8. e4 a6 9. Re1 exd4 10. Nxd4 Ng4 11. f3 Nge5 12. b3 c5 13. Nde2 b5 14. cxb5 axb5 15. Rb1 b4 16. Na4 Nb6 17. Nf4 Bb7 18. Nxb6 Qxb6 19. Rb2 Nc6 20. Nd5 Qa7 21. Rf2 Nd4 22. Ne3 Rad8 23. f4 Qa8 24. Qd3 Rfe8 25. Nd1 f5 26. Qc4+ Kh8 27. e5 Bxg2 0-1

[Event "Hessenliga 0708"]
[Site "Germany"]
[Date "2008.03.02"]
[Round "7.2"]
[White "Schmidt, Arndt"]
[Black "Zimmermann, Hendrik"]
[Result "1/2-1/2"]
[WhiteElo "2151"]
[BlackElo "2122"]
[PlyCount "88"]
[EventDate "2007.09.30"]
[EventType "team-tourn"]
[EventRounds "9"]
[EventCountry "GER"]
[SourceTitle "EXT 2009"]
[Source "ChessBase"]
[SourceDate "2008.11.26"]
[SourceVersion "1"]
[SourceVersionDate "2008.11.26"]
[SourceQuality "1"]
[WhiteTeam "Marburg"]
[BlackTeam "Koenig Nied"]
[WhiteTeamCountry "GER"]
[BlackTeamCountry "GER"]

1. Nf3 d5 2. c4 e6 3. g3 Nf6 4. Bg2 Be7 5. 0-0 0-0 6. b3 d4 7. e3 c5 8. exd4 cxd4 9. d3 Nc6 10. Re1 Ne8 11. Ne5 Nxe5 12. Rxe5 f6 13. Re1 Nd6 14. Ba3 a5 15. Nd2 Kh8 16. Qh5 Qe8 17. Qxe8 Rxe8 18. Nf3 Nf5 19. Bxe7 Rxe7 20. g4 Nh6 21. h3 Ra6 22. Nxd4 Rd6 23. Nf5 Nxf5 24. gxf5 e5 25. Be4 g6 26. fxg6 hxg6 27. Re3 Kg7 28. Bd5 Red7 29. Rd1 b6 30. d4 Rxd5 31. cxd5 Rxd5 32. Kg2 Bf5 33. Rc3 exd4 34. Rc7+ Kh6 35. Rc4 d3 36. Kg3 b5 37. Rc6 b4 38. Rd2 Kg7 39. Rc7+ Kh6 40. Rc6 Kg7 41. Rc7+ Kf8 42. h4 Ke8 43. f3 Kf8 44. Kf2 Kg8 1/2-1/2

[Event "Hessenliga 0708"]
[Site "Germany"]
[Date "2007.12.16"]
[Round "4.4"]
[White "Schmidt, Arndt"]
[Black "Flach, Erich"]
[Result "1/2-1/2"]
[WhiteElo "2151"]
[BlackElo "2143"]
[PlyCount "29"]
[EventDate "2007.09.30"]
[EventType "team-tourn"]
[EventRounds "9"]
[EventCountry "GER"]
[SourceTitle "EXT 2009"]
[Source "ChessBase"]
[SourceDate "2008.11.26"]
[SourceVersion "1"]
[SourceVersionDate "2008.11.26"]
[SourceQuality "1"]
[WhiteTeam "Marburg"]
[BlackTeam "Bensheim"]
[WhiteTeamCountry "GER"]
[BlackTeamCountry "GER"]

1. Nf3 d5 2. g3 Nf6 3. Bg2 Bf5 4. 0-0 Nbd7 5. d3 e5 6. c4 c6 7. cxd5 cxd5 8. Nc3 Bd6 9. Qb3 Nc5 10. Qd1 0-0 11. d4 exd4 12. Nxd4 Be4 13. Nxe4 dxe4 14. Nf5 Be5 15. Be3 1/2-1/2

[Event "Hessenliga 0708"]
[Site "Germany"]
[Date "2007.11.11"]
[Round "3.5"]
[White "Schmidt, Arndt"]
[Black "Ambrosius, Berthold"]
[Result "1-0"]
[WhiteElo "2151"]
[BlackElo "2119"]
[PlyCount "69"]
[EventDate "2007.09.30"]
[EventType "team-tourn"]
[EventRounds "9"]
[EventCountry "GER"]
[SourceTitle "EXT 2009"]
[Source "ChessBase"]
[SourceDate "2008.11.26"]
[SourceVersion "1"]
[SourceVersionDate "2008.11.26"]
[SourceQuality "1"]
[WhiteTeam "Marburg"]
[BlackTeam "Frankfurt West"]
[WhiteTeamCountry "GER"]
[BlackTeamCountry "GER"]

1. Nf3 d6 2. g3 e5 3. c4 f5 4. d3 Nf6 5. Nc3 Be7 6. Bg2 c6 7. 0-0 0-0 8. b4 Na6 9. Rb1 Qc7 10. Qb3 Kh8 11. Ba3 Bd7 12. Rfc1 b6 13. Qa4 Qc8 14. b5 Nc5 15. Qd1 Qe8 16. bxc6 Bxc6 17. Nb5 Bxb5 18. Rxb5 Rc8 19. Bxc5 Rxc5 20. Rxc5 bxc5 21. Rb1 Bd8 22. e3 Bb6 23. Nh4 Qd7 24. Bh3 g6 25. e4 Kg7 26. Qd2 Nh5 27. exf5 Qf7 28. fxg6 hxg6 29. Bg2 Nf6 30. Qg5 Rh8 31. Nf5+ Kf8 32. Nxd6 Qe6 33. Ne4 Ng4 34. h3 Nh6 35. Qf6+ 1-0

[Event "Hessenliga 0607"]
[Site "Germany"]
[Date "2007.03.25"]
[Round "9.5"]
[White "Falk, Thomas"]
[Black "Schmidt, Arndt"]
[Result "0-1"]
[WhiteElo "2121"]
[BlackElo "2158"]
[PlyCount "108"]
[EventDate "2006.09.17"]
[EventType "team-tourn"]
[EventRounds "9"]
[EventCountry "GER"]
[SourceTitle "EXT 2008"]
[Source "ChessBase"]
[SourceDate "2007.11.25"]
[SourceVersion "1"]
[SourceVersionDate "2007.11.25"]
[SourceQuality "1"]
[WhiteTeam "Oberursel II"]
[BlackTeam "Marburg"]
[WhiteTeamCountry "GER"]
[BlackTeamCountry "GER"]

1. d4 Nf6 2. Nf3 e6 3. g3 b5 4. a4 b4 5. Bg2 Bb7 6. Nbd2 d5 7. Ne5 c5 8. c3 cxd4 9. cxd4 Nbd7 10. Nd3 a5 11. Nb3 Rc8 12. Bg5 Be7 13. 0-0 0-0 14. Bxf6 Bxf6 15. Qd2 Be7 16. Rfc1 Qb6 17. e3 Ba6 18. Bf1 Bc4 19. Ndc5 Bxc5 20. Nxc5 Nxc5 21. dxc5 Rxc5 22. Qd4 Qc7 23. b3 e5 24. Qb2 Bxf1 25. Rxc5 Qxc5 26. Rxf1 Qc3 27. Qxc3 bxc3 28. Rc1 d4 29. Kf1 Rb8 30. Ke2 Rxb3 31. Kd3 Rb4 32. f4 f6 33. Rf1 Rxa4 34. fxe5 fxe5 35. Rf5 e4+ 36. Kxe4 dxe3+ 37. Kxe3 Rc4 38. Rf1 c2 39. Rc1 Kf7 40. Kd3 Rc7 41. Kd2 Ke6 42. Re1+ Kd5 43. Kc1 Kd4 44. Re2 a4 45. Rf2 g5 46. Rf5 Rc5 47. Rf7 h6 48. Ra7 Rc4 49. Ra6 Kc3 50. Rxh6 a3 51. Ra6 Kb3 52. h4 gxh4 53. gxh4 a2 54. Rb6+ Rb4 0-1

[Event "Hessenliga 0607"]
[Site "Germany"]
[Date "2007.03.11"]
[Round "8.4"]
[White "Kreiling, Carsten"]
[Black "Schmidt, Arndt"]
[Result "1/2-1/2"]
[WhiteElo "2144"]
[BlackElo "2158"]
[PlyCount "36"]
[EventDate "2006.09.17"]
[EventType "team-tourn"]
[EventRounds "9"]
[EventCountry "GER"]
[SourceTitle "EXT 2008"]
[Source "ChessBase"]
[SourceDate "2007.11.25"]
[SourceVersion "1"]
[SourceVersionDate "2007.11.25"]
[SourceQuality "1"]
[WhiteTeam "Eppstein"]
[BlackTeam "Marburg"]
[WhiteTeamCountry "GER"]
[BlackTeamCountry "GER"]

1. d4 Nf6 2. Nf3 e6 3. c4 Bb4+ 4. Bd2 Qe7 5. g3 0-0 6. Bg2 Bxd2+ 7. Qxd2 d6 8. 0-0 Nc6 9. Nc3 e5 10. d5 Nb8 11. e4 a5 12. Ne1 Na6 13. Nd3 Nd7 14. Rae1 Nac5 15. f4 Nxd3 16. Qxd3 Nc5 17. Qe3 f6 18. f5 Bd7 1/2-1/2

[Event "Hessenliga 0607"]
[Site "Germany"]
[Date "2007.01.28"]
[Round "6.4"]
[White "Schmidt, Arndt"]
[Black "Svitek, Volker"]
[Result "1/2-1/2"]
[WhiteElo "2158"]
[BlackElo "2141"]
[PlyCount "41"]
[EventDate "2006.09.17"]
[EventType "team-tourn"]
[EventRounds "9"]
[EventCountry "GER"]
[SourceTitle "EXT 2008"]
[Source "ChessBase"]
[SourceDate "2007.11.25"]
[SourceVersion "1"]
[SourceVersionDate "2007.11.25"]
[SourceQuality "1"]
[WhiteTeam "Marburg"]
[BlackTeam "Frankfurt West"]
[WhiteTeamCountry "GER"]
[BlackTeamCountry "GER"]

1. Nf3 d5 2. g3 Nf6 3. Bg2 e6 4. 0-0 Be7 5. c4 0-0 6. b3 c5 7. cxd5 exd5 8. d4 Nc6 9. Bb2 h6 10. dxc5 Bxc5 11. Nc3 Be6 12. Na4 Be7 13. Rc1 Ne4 14. Nd4 Nxd4 15. Bxd4 b6 16. f3 Nd6 17. Bf2 Qd7 18. Qd3 Nb5 19. Nc3 Nxc3 20. Qxc3 Rac8 21. Qb2 1/2-1/2

[Event "Hessenliga 0607"]
[Site "Germany"]
[Date "2006.12.03"]
[Round "5.5"]
[White "Schmidt, Arndt"]
[Black "Henrich, Thomas"]
[Result "1/2-1/2"]
[WhiteElo "2158"]
[BlackElo "2140"]
[PlyCount "53"]
[EventDate "2006.09.17"]
[EventType "team-tourn"]
[EventRounds "9"]
[EventCountry "GER"]
[SourceTitle "EXT 2008"]
[Source "ChessBase"]
[SourceDate "2007.11.25"]
[SourceVersion "1"]
[SourceVersionDate "2007.11.25"]
[SourceQuality "1"]
[WhiteTeam "Marburg"]
[BlackTeam "Giessen"]
[WhiteTeamCountry "GER"]
[BlackTeamCountry "GER"]

1. g3 e5 2. Bg2 Nc6 3. d3 Bc5 4. Nf3 d6 5. c3 Nf6 6. b4 Bb6 7. 0-0 a5 8. b5 Ne7 9. Nbd2 0-0 10. Nc4 c6 11. Nxb6 Qxb6 12. bxc6 bxc6 13. Ba3 Qc7 14. c4 Re8 15. Rb1 Ng6 16. Qb3 e4 17. dxe4 Nxe4 18. Rfd1 Ba6 19. Qc2 Qe7 20. e3 c5 21. Rb6 Qe6 22. Bf1 Qf5 23. Ne1 Ne5 24. Rd5 Qg6 25. f3 Nf6 26. Qxg6 hxg6 27. Rdxd6 1/2-1/2

[Event "Hessenliga 0506"]
[Site "Germany"]
[Date "2005.12.04"]
[Round "5.3"]
[White "Rapoport, Vladimir"]
[Black "Schmidt, Arndt"]
[Result "1-0"]
[WhiteElo "2254"]
[BlackElo "2152"]
[PlyCount "95"]
[EventDate "2005.09.11"]
[EventType "team-tourn"]
[EventRounds "11"]
[EventCountry "GER"]
[SourceTitle "EXT 2007"]
[Source "ChessBase"]
[SourceDate "2006.11.23"]
[SourceVersion "1"]
[SourceVersionDate "2006.11.23"]
[SourceQuality "1"]
[WhiteTeam "Oberursel II"]
[BlackTeam "Marburg"]
[WhiteTeamCountry "GER"]
[BlackTeamCountry "GER"]

1. Nf3 Nf6 2. g3 d5 3. Bg2 c6 4. 0-0 Bg4 5. d3 Nbd7 6. Nbd2 e5 7. e4 Bd6 8. h3 Bxf3 9. Qxf3 0-0 10. Rd1 Re8 11. Qe2 Qc7 12. c3 Rad8 13. Nf1 dxe4 14. dxe4 Bc5 15. b4 Be7 16. Ne3 Nf8 17. Bd2 Ne6 18. Nc4 Nd7 19. h4 Nf6 20. Be3 b6 21. a4 Rxd1+ 22. Rxd1 Rd8 23. Ra1 h5 24. f3 g6 25. Bf1 Kh7 26. a5 b5 27. Nb2 Bf8 28. Bh3 Bh6 29. Bxh6 Kxh6 30. Bxe6 fxe6 31. Rd1 Kg7 32. Rxd8 Qxd8 33. Qe3 Qc7 34. Nd3 Nd7 35. g4 hxg4 36. fxg4 Qd6 37. Kg2 a6 38. Kh3 Kh7 39. Kg3 Kg7 40. h5 gxh5 41. gxh5 Kh7 42. Nf2 c5 43. Qg5 cxb4 44. Qg6+ Kh8 45. Qh6+ Kg8 46. cxb4 Nf8 47. Qf6 Qxb4 48. h6 1-0

[Event "Hessenliga 0506"]
[Site "Germany"]
[Date "2005.10.09"]
[Round "3.4"]
[White "Bletz, Harald"]
[Black "Schmidt, Arndt"]
[Result "1/2-1/2"]
[WhiteElo "2291"]
[BlackElo "2152"]
[PlyCount "30"]
[EventDate "2005.09.11"]
[EventType "team-tourn"]
[EventRounds "11"]
[EventCountry "GER"]
[SourceTitle "EXT 2007"]
[Source "ChessBase"]
[SourceDate "2006.11.23"]
[SourceVersion "1"]
[SourceVersionDate "2006.11.23"]
[SourceQuality "1"]
[WhiteTeam "Schoeneck II"]
[BlackTeam "Marburg"]
[WhiteTeamCountry "GER"]
[BlackTeamCountry "GER"]

1. d4 Nf6 2. Nf3 e6 3. g3 d5 4. Bg2 Be7 5. 0-0 0-0 6. c4 dxc4 7. Nbd2 b5 8. a4 c6 9. axb5 cxb5 10. Ne5 Nd5 11. Ne4 Bb7 12. Bd2 Nc6 13. Nxc6 Bxc6 14. Ba5 Qc8 15. Qd2 Qb7 1/2-1/2

[Event "Hessenliga 0405"]
[Site "Germany"]
[Date "2005.03.06"]
[Round "7.4"]
[White "Schmidt, Arndt"]
[Black "Kaulfuss, Helmut"]
[Result "1/2-1/2"]
[WhiteElo "2158"]
[BlackElo "2239"]
[PlyCount "79"]
[EventDate "2004.09.26"]
[EventType "team-tourn"]
[EventRounds "9"]
[EventCountry "GER"]
[SourceTitle "EXT 2006"]
[Source "ChessBase"]
[SourceDate "2005.11.24"]
[SourceVersion "1"]
[SourceVersionDate "2005.11.24"]
[SourceQuality "1"]
[WhiteTeam "Marburg"]
[BlackTeam "Hofheim II"]
[WhiteTeamCountry "GER"]
[BlackTeamCountry "GER"]

1. Nf3 Nc6 2. c4 d6 3. g3 e5 4. Nc3 g6 5. Bg2 Bg7 6. 0-0 f5 7. d3 Nf6 8. Rb1 0-0 9. b4 Ne7 10. b5 h6 11. c5 Be6 12. cxd6 cxd6 13. Ba3 Qd7 14. Qa4 Rfc8 15. Qb4 Ne8 16. e4 Rc7 17. Rbc1 Rac8 18. Rfd1 b6 19. Bf1 d5 20. exf5 Nxf5 21. Ne2 Rc5 22. d4 Rxc1 23. Rxc1 Rxc1 24. Bxc1 exd4 25. Nexd4 Nxd4 26. Nxd4 Bf7 27. Be3 Nd6 28. a4 Nc4 29. Nc6 Nxe3 30. fxe3 Bf8 31. Qf4 Qd6 32. Qxd6 Bxd6 33. Nxa7 Bc5 34. Kf2 d4 35. exd4 Bxd4+ 36. Kf3 Bb3 37. Ke4 Bg1 38. h3 Kf7 39. Nc6 Bxa4 40. Ne5+ 1/2-1/2